Stacje i przystanki SKM S9 - Statystyki

Ogólne statystyki
  • Ten quiz został rozwiązany 35 razy
  • Średni wynik to 14 z 16
Statystyki odpowiedzi
Liczba peronów Gmina/dzielnica Stacja/przystanek % Poprawnych
2 Legionowo Legionowo
97%
1 Praga Płn. Praga
93%
1 Wieliszew Wieliszew
93%
2 Białołęka Choszczówka
90%
1 Legionowo Legionowo Piaski
90%
3 Śródmieście Gdańska
87%
1 Białołęka Toruńska
87%
1 Praga Płn. ZOO
87%
2 Białołęka Płudy
83%
8 Wola Zachodnia
83%
2 Wola Koło
80%
1 Wola Wola
80%
1 Białołęka Żerań
80%
2 Wola Powązki
77%
2 Wola Młynów
73%
1 Wieliszew Michałów - Reginów
70%
Nie znaleziono quizów pasujących do podanych kryteriów
Rozkład punktacji
Procent ludzi z każdym wynikiem
Percentyl według liczby udzielonych odpowiedzi
Twoja historia wyników
Nie rozwiązałeś tego quizu